<?xml version="1.0" encoding="UTF-8"?><?xml-stylesheet type="text/xsl" href="static/style.xsl"?><OAI-PMH xmlns="http://www.openarchives.org/OAI/2.0/" xmlns:xsi="http://www.w3.org/2001/XMLSchema-instance" xsi:schemaLocation="http://www.openarchives.org/OAI/2.0/ http://www.openarchives.org/OAI/2.0/OAI-PMH.xsd"><responseDate>2026-04-13T04:00:43Z</responseDate><request verb="GetRecord" identifier="oai:www.recercat.cat:10230/32915" metadataPrefix="marc">https://recercat.cat/oai/request</request><GetRecord><record><header><identifier>oai:recercat.cat:10230/32915</identifier><datestamp>2025-12-17T20:24:38Z</datestamp><setSpec>com_2072_6</setSpec><setSpec>col_2072_452954</setSpec></header><metadata><record xmlns="http://www.loc.gov/MARC21/slim" xmlns:dcterms="http://purl.org/dc/terms/" xmlns:xsi="http://www.w3.org/2001/XMLSchema-instance" xmlns:doc="http://www.lyncode.com/xoai" xsi:schemaLocation="http://www.loc.gov/MARC21/slim http://www.loc.gov/standards/marcxml/schema/MARC21slim.xsd">
   <leader>00925njm 22002777a 4500</leader>
   <datafield ind2=" " ind1=" " tag="042">
      <subfield code="a">dc</subfield>
   </datafield>
   <datafield ind2=" " ind1=" " tag="720">
      <subfield code="a">Mayans Yern, Marc</subfield>
      <subfield code="e">author</subfield>
   </datafield>
   <datafield ind2=" " ind1=" " tag="260">
      <subfield code="c">2017-10-11T11:07:59Z</subfield>
   </datafield>
   <datafield ind2=" " ind1=" " tag="260">
      <subfield code="c">2017-10-11T11:07:59Z</subfield>
   </datafield>
   <datafield ind2=" " ind1=" " tag="260">
      <subfield code="c">2017-10-11</subfield>
   </datafield>
   <datafield ind2=" " ind1=" " tag="520">
      <subfield code="a">Treball de fi de grau en Sistemes Audiovisuals</subfield>
   </datafield>
   <datafield ind2=" " ind1=" " tag="520">
      <subfield code="a">Tutor: Xavier Binefa Valls</subfield>
   </datafield>
   <datafield ind2=" " ind1=" " tag="520">
      <subfield code="a">A día de hoy, la utilización de la Ciencia de Datos está revolucionando todo tipo de sectores&#xd;
gracias a las nuevas perspectivas que confiere la comprensión los datos y el gran beneficio&#xd;
que significa para las tecnologías actuales.&#xd;
En este estudio se intentan comprender, a partir de una cantidad de datos limitados, las&#xd;
necesidades y deficiencias de los estudiantes en algo tan importante como es la movilidad&#xd;
diaria para acceder a la universidad. Esta variable puede afectar en el rendimiento de los&#xd;
estudiantes y a la decisión de optar a una universidad u otra. Por otra parte, se analiza el&#xd;
origen social y económico que rodea a los estudiantes y su correlación ​con la naturaleza de los&#xd;
centros de Educación Secundaria y Formación Profesional de los que provienen.&#xd;
Este estudio resulta de gran relevancia ​para conocer el perfil social y económico y la&#xd;
distribución geográfica de los diferentes colectivos de estudiantes. Al mismo tiempo, permite&#xd;
comprender el esfuerzo que conlleva el desplazamiento diario para acceder al Campus de&#xd;
Poblenou y conocer cómo afectarían las iniciativas municipales en marcha a las necesidades&#xd;
de transporte de los estudiantes.</subfield>
   </datafield>
   <datafield ind2=" " ind1=" " tag="520">
      <subfield code="a">Nowadays, the use of Data Science is transforming all kind of sectors thanks to the new&#xd;
perspectives conferred by the understanding of the data and the great benefit that it means for&#xd;
the current technologies.&#xd;
This study tries to understand from limited data the needs and deficiencies of students in an&#xd;
issue as important as the daily mobility to access the university, which is a variable that can&#xd;
affect the performance of students and the decision to choose one university over another one.&#xd;
On the other hand, it analyzes the social and economic origin that surrounds the students and&#xd;
their correlation with the nature of the secondary education and vocational training centers&#xd;
from which they come.&#xd;
This study means a great relevance to know the social and economic profile and geographical&#xd;
distribution of the different groups of students. At the same time, understand the effort&#xd;
involved in the daily commute to access the Poblenou Campus and learn how municipal&#xd;
initiatives will affect the transportation needs of students.</subfield>
   </datafield>
   <datafield tag="653" ind2=" " ind1=" ">
      <subfield code="a">Universitats -- Espanya -- Aspectes sociològics</subfield>
   </datafield>
   <datafield tag="653" ind2=" " ind1=" ">
      <subfield code="a">Data science</subfield>
   </datafield>
   <datafield tag="653" ind2=" " ind1=" ">
      <subfield code="a">Socioeconomic and mobility analysis</subfield>
   </datafield>
   <datafield tag="653" ind2=" " ind1=" ">
      <subfield code="a">Geovisualization</subfield>
   </datafield>
   <datafield tag="653" ind2=" " ind1=" ">
      <subfield code="a">Geoanalysis</subfield>
   </datafield>
   <datafield ind2="0" ind1="0" tag="245">
      <subfield code="a">Análisis de movilidad y perfil socioeconómico de determinados colectivos de estudiantes UPF</subfield>
   </datafield>
</record></metadata></record></GetRecord></OAI-PMH>